[Event "15. Obert Int. Sant Marti 2013"]
[Site "Barcelona ESP"]
[Date "2013.07.13"]
[Round "1.1"]
[White "Salazar, Aura Cristina"]
[Black "Ortiz Suarez, Isan Reynaldo"]
[Result "1-0"]
[WhiteElo "2200"]
[BlackElo "2612"]
[PlyCount "99"]
[EventDate "2013.07.13"]
[EventType "swiss"]
[EventRounds "9"]
[EventCountry "ESP"]
[SourceTitle "Ajedrez en Madrid"]
[Source "lmi"]
[SourceDate "2013.07.13"]
[SourceVersion "1"]
[SourceVersionDate "2019.06.21"]
[SourceQuality "1"]

1. e4 c5 2. Nf3 d6 3. d4 cxd4 4. Nxd4 Nf6 5. Nc3 a6 6. h3 e6 7. g4 Be7 8. Bg2
Nfd7 9. a4 Nc6 10. Nde2 O-O 11. O-O Rb8 12. Ng3 b5 13. axb5 axb5 14. Kh1 b4 15.
Nce2 Nde5 16. f4 Ng6 17. Kh2 Nh4 18. Bh1 Bb7 19. Be3 Qc7 20. f5 d5 21. exd5 Ne5
22. Bf4 Bd6 23. Bg5 Qc4 24. Bxh4 Nxg4+ 25. hxg4 Qxg4 26. Qd4 Qxe2+ 27. Kh3 Qxc2
28. Be4 e5 29. Qb6 Bxd5 30. Bxc2 Rxb6 31. Nh5 Bc5 32. Ra5 Bc4 33. Rfa1 Bd4 34.
Be7 Rfb8 35. Ra8 Bd5 36. Rxb8+ Rxb8 37. Re1 b3 38. Bd3 f6 39. Ba3 Rc8 40. Ng3
Rc6 41. Ne4 Bb6 42. Nc3 Bf7 43. Bb5 Rc7 44. Rd1 Bd4 45. Ne2 Bh5 46. Rc1 Bxe2
47. Rxc7 Bxb5 48. Rb7 Bd3 49. Rb8+ Kf7 50. Rf8# 1-0

[Event "15. Obert Int. Sant Marti 2013"]
[Site "Barcelona ESP"]
[Date "2013.07.13"]
[Round "1.2"]
[White "Kovchan, Alexander"]
[Black "Blandon Villa, Diego F"]
[Result "1-0"]
[WhiteElo "2577"]
[BlackElo "2196"]
[PlyCount "93"]
[EventDate "2013.07.13"]
[EventType "swiss"]
[EventRounds "9"]
[EventCountry "ESP"]
[SourceTitle "Ajedrez en Madrid"]
[Source "lmi"]
[SourceDate "2013.07.13"]
[SourceVersion "1"]
[SourceVersionDate "2019.06.21"]
[SourceQuality "1"]

1. e4 c5 2. Nf3 d6 3. d4 cxd4 4. Nxd4 Nf6 5. Nc3 g6 6. Be2 Bg7 7. O-O O-O 8.
Be3 Nc6 9. Qd2 Bd7 10. f3 Qc8 11. Rfd1 Rd8 12. Bf1 Nxd4 13. Bxd4 Bc6 14. Bf2 b6
15. a4 Qc7 16. Nb5 Qb7 17. a5 Bxb5 18. Bxb5 bxa5 19. Qxa5 Nd7 20. Ra2 Rab8 21.
c4 a6 22. Qxa6 Qxa6 23. Rxa6 Bxb2 24. Ra7 Nc5 25. Rxe7 Bf6 26. Rc7 Ra8 27. Rc6
Ra1 28. Rxa1 Bxa1 29. g3 Nd3 30. Bb6 Rb8 31. Rxd6 Rxb6 32. Rxd3 Rb7 33. h4 Kg7
34. Kf2 Bf6 35. f4 Be7 36. Rd5 Rc7 37. e5 f5 38. exf6+ Bxf6 39. Kf3 Be7 40. h5
Kf6 41. hxg6 hxg6 42. g4 Bc5 43. g5+ Ke6 44. Re5+ Kf7 45. Be8+ Kf8 46. Bxg6 Bd4
47. Re8+ 1-0

[Event "15. Obert Int. Sant Marti 2013"]
[Site "Barcelona ESP"]
[Date "2013.07.13"]
[Round "1.3"]
[White "Anguera Maestro, Jaime"]
[Black "Agdestein, Simen"]
[Result "0-1"]
[WhiteElo "2180"]
[BlackElo "2567"]
[PlyCount "40"]
[EventDate "2013.07.13"]
[EventType "swiss"]
[EventRounds "9"]
[EventCountry "ESP"]
[SourceTitle "Ajedrez en Madrid"]
[Source "lmi"]
[SourceDate "2013.07.13"]
[SourceVersion "1"]
[SourceVersionDate "2019.06.21"]
[SourceQuality "1"]

1. d4 Nf6 2. Nf3 g6 3. c4 Bg7 4. Nc3 d5 5. Bf4 O-O 6. e3 c5 7. dxc5 Qa5 8. Be5
dxc4 9. Bxc4 Qxc5 10. Qe2 Bg4 11. Bd4 Qh5 12. Bxf6 Bxf6 13. Nd5 Nc6 14. Nxf6+
exf6 15. O-O Ne5 16. Bd5 Rfd8 17. Rfd1 Rxd5 18. Rxd5 Bxf3 19. Rxe5 Bxe2 20.
Rxh5 gxh5 0-1

[Event "15. Obert Int. Sant Marti 2013"]
[Site "Barcelona ESP"]
[Date "2013.07.13"]
[Round "1.4"]
[White "Grigoryan, Karen H."]
[Black "Pellus Ruiz, Josep"]
[Result "1-0"]
[WhiteElo "2550"]
[BlackElo "2171"]
[PlyCount "63"]
[EventDate "2013.07.13"]
[EventType "swiss"]
[EventRounds "9"]
[EventCountry "ESP"]
[SourceTitle "Ajedrez en Madrid"]
[Source "lmi"]
[SourceDate "2013.07.13"]
[SourceVersion "1"]
[SourceVersionDate "2019.06.21"]
[SourceQuality "1"]

1. d4 Nf6 2. c4 c5 3. d5 e6 4. Nc3 exd5 5. cxd5 d6 6. Nf3 g6 7. Nd2 a6 8. a4
Bg7 9. Nc4 O-O 10. Bf4 Ne8 11. a5 Nd7 12. Qd2 Ne5 13. Nxe5 Bxe5 14. Bxe5 dxe5
15. Na4 Nd6 16. Nxc5 Bd7 17. e3 Bb5 18. Bxb5 axb5 19. O-O Nc4 20. Qd3 Qc7 21.
b4 Rfd8 22. e4 b6 23. axb6 Qxb6 24. Qc3 h5 25. g3 Re8 26. Kg2 Qd6 27. h4 Nb6
28. Nb7 Qd7 29. Na5 Rac8 30. Qd3 Red8 31. Rfc1 Kg7 32. Rc5 1-0

[Event "15. Obert Int. Sant Marti 2013"]
[Site "Barcelona ESP"]
[Date "2013.07.13"]
[Round "1.5"]
[White "Martorell Aguado, Joan"]
[Black "Dvirnyy, Danyyil"]
[Result "0-1"]
[WhiteElo "2167"]
[BlackElo "2549"]
[PlyCount "62"]
[EventDate "2013.07.13"]
[EventType "swiss"]
[EventRounds "9"]
[EventCountry "ESP"]
[SourceTitle "Ajedrez en Madrid"]
[Source "lmi"]
[SourceDate "2013.07.13"]
[SourceVersion "1"]
[SourceVersionDate "2019.06.21"]
[SourceQuality "1"]

1. c4 Nf6 2. Nc3 c6 3. e4 e5 4. Nf3 d6 5. d4 Nbd7 6. Be2 g6 7. O-O Bg7 8. dxe5
dxe5 9. Qd6 Bf8 10. Qd3 Be7 11. h3 O-O 12. Bh6 Re8 13. Rad1 Qc7 14. Ne1 Qa5 15.
f4 Bf8 16. Bxf8 Rxf8 17. f5 Qb6+ 18. Kh1 Qxb2 19. Qg3 Nxe4 20. Qe3 Qxc3 21.
Qxe4 Nf6 22. Qh4 Kg7 23. Rd6 e4 24. g4 Qe5 25. c5 h6 26. g5 hxg5 27. Qxg5 Rh8
28. h4 Bxf5 29. Ng2 e3 30. Kg1 Ne4 31. Qxe3 Rae8 0-1

[Event "15. Obert Int. Sant Marti 2013"]
[Site "Barcelona ESP"]
[Date "2013.07.13"]
[Round "1.6"]
[White "Nikolov, Momchil"]
[Black "Amores Gago, Javier"]
[Result "1-0"]
[WhiteElo "2538"]
[BlackElo "2167"]
[PlyCount "69"]
[EventDate "2013.07.13"]
[EventType "swiss"]
[EventRounds "9"]
[EventCountry "ESP"]
[SourceTitle "Ajedrez en Madrid"]
[Source "lmi"]
[SourceDate "2013.07.13"]
[SourceVersion "1"]
[SourceVersionDate "2019.06.21"]
[SourceQuality "1"]

1. d4 d6 2. e4 Nf6 3. f3 Nbd7 4. c4 e5 5. Ne2 Be7 6. Nbc3 Nh5 7. Nd5 Bh4+ 8. g3
c6 9. Ne3 Be7 10. Bg2 O-O 11. O-O Re8 12. d5 Bf8 13. Bd2 Qb6 14. b4 g6 15. Kh1
Bh6 16. c5 dxc5 17. Nc4 Qa6 18. Nd6 Bxd2 19. Nxe8 Qd3 20. f4 c4 21. Rf3 Be3 22.
Qxd3 cxd3 23. Rxe3 dxe2 24. f5 cxd5 25. fxg6 d4 26. gxh7+ Kxh7 27. Rxe2 Nf8 28.
Rf2 Be6 29. Nc7 Rd8 30. Nxe6 Nxe6 31. Rxf7+ Kg6 32. Rf5 d3 33. Rxe5 Nd4 34. Rd1
Ne2 35. Bf3 1-0

[Event "15. Obert Int. Sant Marti 2013"]
[Site "Barcelona ESP"]
[Date "2013.07.13"]
[Round "1.7"]
[White "Cherednichenko, Elena"]
[Black "Firman, Nazar"]
[Result "0-1"]
[WhiteElo "2167"]
[BlackElo "2526"]
[PlyCount "88"]
[EventDate "2013.07.13"]
[EventType "swiss"]
[EventRounds "9"]
[EventCountry "ESP"]
[SourceTitle "Ajedrez en Madrid"]
[Source "lmi"]
[SourceDate "2013.07.13"]
[SourceVersion "1"]
[SourceVersionDate "2019.06.21"]
[SourceQuality "1"]

1. d4 Nf6 2. Nf3 d6 3. Bf4 g6 4. h3 Bg7 5. e3 O-O 6. Be2 Nfd7 7. O-O e5 8. Bh2
Nc6 9. Na3 a6 10. c4 f5 11. Rc1 g5 12. dxe5 g4 13. hxg4 fxg4 14. Nd4 Ndxe5 15.
c5 d5 16. Nac2 Qg5 17. b4 Rf7 18. a4 Ne7 19. Ne1 N7g6 20. c6 b6 21. a5 b5 22.
Rc5 Qd8 23. Nb3 Ne7 24. Bxe5 Bxe5 25. Bxg4 Bd6 26. Bxc8 Qxc8 27. Rc2 Qe6 28.
Qh5 Raf8 29. Nf3 Rg7 30. Nbd4 Qf6 31. Rb1 Kh8 32. Qh3 Rfg8 33. Nh4 Rg4 34. Nhf3
Nf5 35. Ne1 Nxd4 36. exd4 Qxd4 37. Re2 Bxb4 38. Nc2 Rxg2+ 39. Qxg2 Rxg2+ 40.
Kxg2 Qg4+ 41. Kf1 Qh3+ 42. Kg1 Bd6 43. f4 Bc5+ 44. Rf2 Qg3+ 0-1

[Event "15. Obert Int. Sant Marti 2013"]
[Site "Barcelona ESP"]
[Date "2013.07.13"]
[Round "1.8"]
[White "Cruz, Cristhian"]
[Black "Christiansen, Johan-Sebastian"]
[Result "1-0"]
[WhiteElo "2499"]
[BlackElo "2155"]
[PlyCount "71"]
[EventDate "2013.07.13"]
[EventType "swiss"]
[EventRounds "9"]
[EventCountry "ESP"]
[SourceTitle "Ajedrez en Madrid"]
[Source "lmi"]
[SourceDate "2013.07.13"]
[SourceVersion "1"]
[SourceVersionDate "2019.06.21"]
[SourceQuality "1"]

1. d4 d5 2. c4 dxc4 3. e3 b5 4. a4 b4 5. Bxc4 Nf6 6. Nf3 e6 7. O-O Be7 8. Qe2
O-O 9. Nbd2 Bb7 10. Nb3 a5 11. Bd2 Nbd7 12. Rac1 Nb6 13. Bb5 Bd5 14. Na1 Bd6
15. Rfd1 Ne4 16. Be1 Qf6 17. Ne5 Bxe5 18. dxe5 Qxe5 19. f3 Nd6 20. Bg3 Qg5 21.
e4 Nxb5 22. Qxb5 f5 23. exd5 f4 24. Bf2 Nxd5 25. Nb3 Rf6 26. h4 Qh5 27. Nd4 Rg6
28. Nxe6 Rxe6 29. Qxd5 Qxd5 30. Rxd5 Re2 31. Rxc7 Rxb2 32. Bd4 Rb1+ 33. Kh2 Rd1
34. Rxg7+ Kf8 35. Rf5+ Ke8 36. Bc5 1-0

[Event "15. Obert Int. Sant Marti 2013"]
[Site "Barcelona ESP"]
[Date "2013.07.13"]
[Round "1.9"]
[White "Dalo, Hermes"]
[Black "Perez Mitjans, Orelvis"]
[Result "1-0"]
[WhiteElo "2148"]
[BlackElo "2495"]
[PlyCount "91"]
[EventDate "2013.07.13"]
[EventType "swiss"]
[EventRounds "9"]
[EventCountry "ESP"]
[SourceTitle "Ajedrez en Madrid"]
[Source "lmi"]
[SourceDate "2013.07.13"]
[SourceVersion "1"]
[SourceVersionDate "2019.06.21"]
[SourceQuality "1"]

1. d4 d5 2. c4 Nc6 3. Nf3 Bg4 4. Nc3 e6 5. cxd5 exd5 6. Bf4 Bd6 7. Bxd6 Qxd6 8.
e3 Nf6 9. Be2 O-O-O 10. O-O Bxf3 11. Bxf3 h5 12. a3 Ne7 13. Rc1 Kb8 14. Qd3 c6
15. b4 Ng4 16. g3 f5 17. Bg2 h4 18. Ne2 hxg3 19. hxg3 Qh6 20. Rfd1 Rh7 21. b5
Rdh8 22. Kf1 Qh2 23. bxc6 Qxg2+ 24. Kxg2 Rh2+ 25. Kf1 Nxf2 26. Qb5 Nxc6 27. Rb1
Nd8 28. Rdc1 Ne4 29. Qd7 a6 30. Rc8+ Ka7 31. Rxd8 Rh1+ 32. Ng1 Nd2+ 33. Ke1
Rxg1+ 34. Kxd2 Rh2+ 35. Kc3 Rxb1 36. Qe8 Rc1+ 37. Kb3 Rhc2 38. Ra8+ Kb6 39.
Qd8+ Rc7 40. Qd6+ R7c6 41. Qxd5 g6 42. Kb4 Rb1+ 43. Ka4 Rc7 44. Qa5+ Kc6 45.
Qc5+ Kd7 46. Qd5+ 1-0

[Event "15. Obert Int. Sant Marti 2013"]
[Site "Barcelona ESP"]
[Date "2013.07.13"]
[Round "1.10"]
[White "Flores Rios, Mauricio"]
[Black "Meza Martinez, Alcides Ivan"]
[Result "1-0"]
[WhiteElo "2492"]
[BlackElo "2136"]
[PlyCount "89"]
[EventDate "2013.07.13"]
[EventType "swiss"]
[EventRounds "9"]
[EventCountry "ESP"]
[SourceTitle "Ajedrez en Madrid"]
[Source "lmi"]
[SourceDate "2013.07.13"]
[SourceVersion "1"]
[SourceVersionDate "2019.06.21"]
[SourceQuality "1"]

1. d4 e6 2. c4 f5 3. g3 Nf6 4. Bg2 d5 5. Nh3 c6 6. O-O Be7 7. b3 O-O 8. Ba3
Bxa3 9. Nxa3 Qe8 10. Qc1 Nbd7 11. Nb1 Kh8 12. Nc3 Ne4 13. f3 Nxc3 14. Qxc3 Nf6
15. Nf2 Bd7 16. c5 g5 17. e4 f4 18. e5 Ng8 19. Nh3 Qg6 20. Qd2 Qh6 21. gxf4
gxf4 22. Nf2 Qh4 23. Bh3 Ne7 24. Kh1 Rg8 25. Rg1 Rxg1+ 26. Rxg1 Rg8 27. Rxg8+
Kxg8 28. Kg1 Kf7 29. Qa5 Qg5+ 30. Kf1 a6 31. Qd8 Bc8 32. Ng4 Qg6 33. Nf2 h5 34.
Qa5 Qb1+ 35. Ke2 Qb2+ 36. Qd2 Qxd2+ 37. Kxd2 Kg6 38. Bf1 Nf5 39. Bd3 Kg5 40.
Nh3+ Kh4 41. Bxf5 exf5 42. Nxf4 Kg5 43. Ke3 h4 44. Nh3+ Kg6 45. Kf4 1-0

[Event "15. Obert Int. Sant Marti 2013"]
[Site "Barcelona ESP"]
[Date "2013.07.13"]
[Round "1.11"]
[White "Dukaczewski, Piotr"]
[Black "Quero Ortega, Juan"]
[Result "1-0"]
[WhiteElo "2226"]
[BlackElo "1809"]
[PlyCount "93"]
[EventDate "2013.07.13"]
[EventType "swiss"]
[EventRounds "9"]
[EventCountry "ESP"]
[SourceTitle "Ajedrez en Madrid"]
[Source "lmi"]
[SourceDate "2013.07.13"]
[SourceVersion "1"]
[SourceVersionDate "2019.06.21"]
[SourceQuality "1"]

1. e4 d6 2. d4 Nf6 3. Nc3 g6 4. f4 Bg7 5. Nf3 O-O 6. Bd3 Nc6 7. e5 dxe5 8. fxe5
Nd5 9. Nxd5 Qxd5 10. c3 Bg4 11. O-O Rad8 12. Qe2 Nxe5 13. Be4 Qc4 14. Qxc4 Nxc4
15. Bxb7 Nxb2 16. Ne5 Bxe5 17. dxe5 Rb8 18. Bd5 e6 19. Bb3 Nd3 20. Ba3 c5 21.
h3 Be2 22. Rfb1 Rfc8 23. Ba4 Rxb1+ 24. Rxb1 Nxe5 25. Rb7 a6 26. Bc1 Kg7 27. Bb3
Nc4 28. Ra7 a5 29. Bc2 Nd6 30. Rxa5 c4 31. Bf4 Ne8 32. Ra7 Rd8 33. Be5+ Kg8 34.
Ba4 Bd3 35. Bd7 Be4 36. a4 Bd5 37. a5 f6 38. Bd4 e5 39. Bc5 f5 40. a6 Nf6 41.
Ba4 Ra8 42. Rxa8+ Bxa8 43. Bb5 Nd5 44. Bxc4 Kf7 45. Bb4 Ke6 46. Kf2 Kd7 47.
Bb5+ 1-0

[Event "15. Obert Int. Sant Marti 2013"]
[Site "Barcelona ESP"]
[Date "2013.07.13"]
[Round "1.12"]
[White "Herms Agullo, Jordi"]
[Black "Asis Gargatagli, Hipolito"]
[Result "0-1"]
[WhiteElo "2130"]
[BlackElo "2487"]
[PlyCount "96"]
[EventDate "2013.07.13"]
[EventType "swiss"]
[EventRounds "9"]
[EventCountry "ESP"]
[SourceTitle "Ajedrez en Madrid"]
[Source "lmi"]
[SourceDate "2013.07.13"]
[SourceVersion "1"]
[SourceVersionDate "2019.06.21"]
[SourceQuality "1"]

1. e4 e5 2. Nf3 Nc6 3. Bb5 a6 4. Bxc6 dxc6 5. O-O f6 6. d4 Bg4 7. c3 Bd6 8. Be3
Nh6 9. Nbd2 Nf7 10. Qb3 Qc8 11. dxe5 fxe5 12. Ng5 Nxg5 13. Bxg5 Be6 14. Qd1 Qd7
15. Qe2 Qf7 16. f3 a5 17. Be3 O-O 18. c4 Bb4 19. Rfc1 Rfd8 20. Nf1 a4 21. a3
Be7 22. c5 Ra5 23. Rc3 Qf8 24. Rac1 Rb5 25. Ng3 g6 26. Nh1 Ra5 27. Nf2 h5 28.
Nd3 Bf6 29. Bf2 Bb3 30. Bg3 Qe7 31. Be1 Raa8 32. g3 Kh7 33. Bd2 Rd7 34. Qe3 Bg7
35. Nf2 Rad8 36. Rd3 Rxd3 37. Nxd3 Qd7 38. Rc3 Ba2 39. Be1 Bh6 40. Qe2 Qe6 41.
Kg2 Bb3 42. Bf2 Bc4 43. Qc2 Bb5 44. Nc1 Rd2 45. Qb1 g5 46. Nd3 g4 47. fxg4 Qf7
48. Qf1 Be3 0-1

[Event "15. Obert Int. Sant Marti 2013"]
[Site "Barcelona ESP"]
[Date "2013.07.13"]
[Round "1.13"]
[White "Hayrapetyan, Hovik"]
[Black "Basencyan, Mark"]
[Result "1/2-1/2"]
[WhiteElo "2486"]
[BlackElo "2130"]
[PlyCount "70"]
[EventDate "2013.07.13"]
[EventType "swiss"]
[EventRounds "9"]
[EventCountry "ESP"]
[SourceTitle "Ajedrez en Madrid"]
[Source "lmi"]
[SourceDate "2013.07.13"]
[SourceVersion "1"]
[SourceVersionDate "2019.06.21"]
[SourceQuality "1"]

1. c4 e6 2. Nf3 d5 3. e3 Nf6 4. b3 Be7 5. Bb2 O-O 6. Qc2 c5 7. Be2 Nc6 8. a3 d4
9. exd4 cxd4 10. b4 e5 11. d3 Qc7 12. Nbd2 a5 13. bxa5 Nd7 14. Nb3 Nxa5 15.
Nfd2 Nxb3 16. Nxb3 Nc5 17. Nxc5 Qa5+ 18. Bc3 Qxc5 19. Bd2 Rxa3 20. O-O Bd7 21.
Rab1 Qa7 22. Kh1 Bc6 23. f4 Qa4 24. Qxa4 Rxa4 25. Bf3 Ra2 26. Bc1 Bf6 27. h3 h6
28. Rb6 Bd8 29. Rb1 Bc7 30. Bxc6 bxc6 31. Rb7 Rc8 32. fxe5 Ra1 33. Re1 Bxe5 34.
Rxe5 Rxc1+ 35. Kh2 Rf1 1/2-1/2

[Event "15. Obert Int. Sant Marti 2013"]
[Site "Barcelona ESP"]
[Date "2013.07.13"]
[Round "1.15"]
[White "Fernandez Romero, Ernesto"]
[Black "Posada, Juan Manuel"]
[Result "1-0"]
[WhiteElo "2480"]
[BlackElo "2101"]
[PlyCount "75"]
[EventDate "2013.07.13"]
[EventType "swiss"]
[EventRounds "9"]
[EventCountry "ESP"]
[SourceTitle "Ajedrez en Madrid"]
[Source "lmi"]
[SourceDate "2013.07.13"]
[SourceVersion "1"]
[SourceVersionDate "2019.06.21"]
[SourceQuality "1"]

1. e4 c5 2. Ne2 Nc6 3. Nbc3 g6 4. d4 cxd4 5. Nxd4 Bg7 6. Be3 Nf6 7. Bc4 O-O 8.
Bb3 Ng4 9. Qxg4 Nxd4 10. Qd1 Nxb3 11. axb3 a6 12. Qd2 d6 13. Bh6 Be6 14. h4 f6
15. Be3 Rc8 16. h5 Qc7 17. hxg6 hxg6 18. Ne2 Bf7 19. Nd4 Rfd8 20. Bh6 g5 21.
Qe3 d5 22. Bxg7 Kxg7 23. Nf5+ Kf8 24. Qh3 e6 25. Qh6+ Ke8 26. Qxf6 exf5 27.
Rh8+ Kd7 28. Qxf7+ Kc6 29. exd5+ Kb6 30. Qxc7+ Kxc7 31. Rxd8 Rxd8 32. c4 Kd6
33. Kd2 Rh8 34. Ke3 Ke5 35. Re1 g4 36. Kd3+ Kf4 37. Re3 Kg5 38. g3 1-0

[Event "15. Obert Int. Sant Marti 2013"]
[Site "Barcelona ESP"]
[Date "2013.07.13"]
[Round "1.16"]
[White "Lopez Perdomo, Juan David"]
[Black "Escobar Forero, Alder"]
[Result "0-1"]
[WhiteElo "2100"]
[BlackElo "2466"]
[PlyCount "78"]
[EventDate "2013.07.13"]
[EventType "swiss"]
[EventRounds "9"]
[EventCountry "ESP"]
[SourceTitle "Ajedrez en Madrid"]
[Source "lmi"]
[SourceDate "2013.07.13"]
[SourceVersion "1"]
[SourceVersionDate "2019.06.21"]
[SourceQuality "1"]

1. e4 d5 2. exd5 Qxd5 3. Nc3 Qa5 4. d4 Nf6 5. Bd2 c6 6. Nf3 Bf5 7. Bc4 e6 8.
O-O Nbd7 9. Nd5 Qd8 10. Ne3 Bg6 11. Re1 Be7 12. h3 O-O 13. Qe2 Ne4 14. Rad1 Qb6
15. Bc1 Rad8 16. Bb3 Qc7 17. d5 cxd5 18. Bxd5 Nb6 19. Bb3 Nc5 20. Bc4 Rxd1 21.
Rxd1 Rc8 22. Bd2 Nca4 23. b3 Nb2 24. Rb1 N2xc4 25. bxc4 Na4 26. Nd4 Qd7 27. Nf3
Qc7 28. Nd4 a6 29. Re1 Qd7 30. Nf3 Qd6 31. Rb1 Qb8 32. Nd5 Bd6 33. Nb4 Qc7 34.
Nd3 Qxc4 35. Nfe5 Bxd3 36. Nxd3 b5 37. Bb4 Bxb4 38. Rxb4 Qxa2 39. Rd4 Qa1+ 0-1

[Event "15. Obert Int. Sant Marti 2013"]
[Site "Barcelona ESP"]
[Date "2013.07.13"]
[Round "1.21"]
[White "Arenas, David"]
[Black "Barcelo Sola, David"]
[Result "1-0"]
[WhiteElo "2437"]
[BlackElo "2075"]
[PlyCount "29"]
[EventDate "2013.07.13"]
[EventType "swiss"]
[EventRounds "9"]
[EventCountry "ESP"]
[SourceTitle "Ajedrez en Madrid"]
[Source "lmi"]
[SourceDate "2013.07.13"]
[SourceVersion "1"]
[SourceVersionDate "2019.06.21"]
[SourceQuality "1"]

1. e4 e5 2. Nf3 Nc6 3. Bb5 g6 4. O-O Bg7 5. c3 d5 6. d4 dxe4 7. Nxe5 Nge7 8.
Nd2 Bxe5 9. dxe5 Qd5 10. Qe2 Bf5 11. f4 h5 12. Kh1 O-O-O 13. Bc4 Qc5 14. Nb3
Bg4 15. Nxc5 1-0

[Event "15. Obert Int. Sant Marti 2013"]
[Site "Barcelona ESP"]
[Date "2013.07.13"]
[Round "1.22"]
[White "Jaramillo Ochoa, Mateo"]
[Black "Lorenzo De La Riva, Lazaro"]
[Result "0-1"]
[WhiteElo "2074"]
[BlackElo "2433"]
[PlyCount "114"]
[EventDate "2013.07.13"]
[EventType "swiss"]
[EventRounds "9"]
[EventCountry "ESP"]
[SourceTitle "Ajedrez en Madrid"]
[Source "lmi"]
[SourceDate "2013.07.13"]
[SourceVersion "1"]
[SourceVersionDate "2019.06.21"]
[SourceQuality "1"]

1. d4 Nf6 2. c4 e6 3. g3 c5 4. d5 exd5 5. cxd5 d6 6. Nc3 g6 7. Nf3 Bg7 8. Bg2
O-O 9. O-O Re8 10. Nd2 a6 11. a4 Nbd7 12. h3 Rb8 13. Nc4 Nb6 14. Na3 Bf5 15. a5
Nc8 16. g4 Bd7 17. Nc4 h5 18. g5 Nh7 19. h4 Bb5 20. Qb3 Qd7 21. Nxb5 axb5 22.
Bh3 Qc7 23. Qxb5 Re4 24. Ra3 Rxh4 25. Qe8+ Nf8 26. Nb6 Na7 27. Qe3 Nb5 28. Qg3
Re4 29. Qd3 Rb4 30. Ra2 Re8 31. Be3 Nd4 32. Nc4 Nh7 33. Re1 Qe7 34. Bg2 Nf5 35.
Bf4 Nxg5 36. e4 Nd4 37. Bxd6 Qd8 38. Bxc5 Rb3 39. Qd1 Ngf3+ 40. Kf1 Nh2+ 41.
Kg1 Ndf3+ 42. Bxf3 Nxf3+ 43. Kf1 Nh2+ 44. Kg2 Nf3 45. Qxb3 Qg5+ 46. Kxf3 Qg4+
47. Ke3 Qxe4+ 48. Kd2 Qxe1+ 49. Kc2 Re2+ 50. Kd3 Re8 51. Be3 h4 52. Qa4 Qf1+
53. Kd2 Re4 54. b3 h3 55. d6 h2 56. d7 h1=Q 57. d8=Q+ Kh7 0-1

[Event "15. Obert Int. Sant Marti 2013"]
[Site "Barcelona ESP"]
[Date "2013.07.13"]
[Round "1.23"]
[White "Prasca Sosa, Rafael"]
[Black "Fabregas Fontanet, Antonio"]
[Result "1-0"]
[WhiteElo "2426"]
[BlackElo "2045"]
[PlyCount "85"]
[EventDate "2013.07.13"]
[EventType "swiss"]
[EventRounds "9"]
[EventCountry "ESP"]
[SourceTitle "Ajedrez en Madrid"]
[Source "lmi"]
[SourceDate "2013.07.13"]
[SourceVersion "1"]
[SourceVersionDate "2019.06.21"]
[SourceQuality "1"]

1. e4 g6 2. d4 Bg7 3. Nc3 d6 4. Nf3 Nf6 5. Bc4 O-O 6. O-O Bg4 7. h3 Bxf3 8.
Qxf3 Nc6 9. Ne2 Nd7 10. Rd1 e5 11. c3 Qe7 12. d5 Nd8 13. Ng3 a5 14. Be3 b6 15.
a4 Nb7 16. Bb5 Nbc5 17. Ra3 Na6 18. Rb1 h5 19. Qe2 Nab8 20. Qc4 Qd8 21. b4 Kh7
22. Qe2 Bh6 23. Ra2 Qh4 24. Bxh6 Kxh6 25. Qd1 Nf6 26. Re2 Qg5 27. Re3 h4 28.
Ne2 Nh5 29. Qc2 f5 30. Rf3 Nf6 31. exf5 e4 32. Rf4 gxf5 33. Qc1 Kg6 34. Nd4
Nxd5 35. Ne6 Qh6 36. Nxf8+ Qxf8 37. Rxh4 Nf6 38. g4 fxg4 39. Qf4 c6 40. Be2
Nbd7 41. hxg4 Re8 42. Qf5+ Kg7 43. g5 1-0

[Event "15. Obert Int. Sant Marti 2013"]
[Site "Barcelona ESP"]
[Date "2013.07.13"]
[Round "1.24"]
[White "Haug, Johannes"]
[Black "Khaetsky, Roman"]
[Result "1/2-1/2"]
[WhiteElo "2042"]
[BlackElo "2424"]
[PlyCount "110"]
[EventDate "2013.07.13"]
[EventType "swiss"]
[EventRounds "9"]
[EventCountry "ESP"]
[SourceTitle "Ajedrez en Madrid"]
[Source "lmi"]
[SourceDate "2013.07.13"]
[SourceVersion "1"]
[SourceVersionDate "2019.06.21"]
[SourceQuality "1"]

1. e4 c5 2. c3 d5 3. exd5 Qxd5 4. d4 Nf6 5. Nf3 Bg4 6. Be2 cxd4 7. cxd4 e6 8.
O-O Nc6 9. Nc3 Qa5 10. h3 Bh5 11. Be3 Be7 12. Qb3 Qb4 13. g4 Bg6 14. Ne5 O-O
15. Qxb4 Bxb4 16. Bf3 Bxc3 17. bxc3 Nd5 18. Bxd5 exd5 19. Nxc6 bxc6 20. Bf4 h5
21. f3 hxg4 22. hxg4 Rfc8 23. Bd6 Rd8 24. Bf4 Rd7 25. Rae1 Bd3 26. Rf2 Rb7 27.
Kg2 Kh7 28. Bd6 Kg6 29. Re7 Rxe7 30. Bxe7 a5 31. Bd6 Re8 32. Rd2 Bb5 33. Kf2 f6
34. Bf4 Kf7 35. a4 Bxa4 36. Ra2 Bb5 37. Rxa5 Re2+ 38. Kg3 g5 39. Bd6 Ke6 40.
Bb4 f5 41. gxf5+ Kxf5 42. Ra7 Rc2 43. Rf7+ Kg6 44. Re7 Kf6 45. Re1 Be2 46. Rg1
Bd3 47. Re1 Bf5 48. Be7+ Kg6 49. Bb4 Rd2 50. Ba5 Rd3 51. Kf2 g4 52. fxg4 Bxg4
53. Re3 Rd2+ 54. Kg3 Bf5 55. Bb4 Be4 1/2-1/2

[Event "15. Obert Int. Sant Marti 2013"]
[Site "Barcelona ESP"]
[Date "2013.07.13"]
[Round "1.25"]
[White "Aloma Vidal, Robert"]
[Black "Fernandez Aguilar, Francisco"]
[Result "1-0"]
[WhiteElo "2421"]
[BlackElo "2040"]
[PlyCount "75"]
[EventDate "2013.07.13"]
[EventType "swiss"]
[EventRounds "9"]
[EventCountry "ESP"]
[SourceTitle "Ajedrez en Madrid"]
[Source "lmi"]
[SourceDate "2013.07.13"]
[SourceVersion "1"]
[SourceVersionDate "2019.06.21"]
[SourceQuality "1"]

1. d4 Nf6 2. c4 e6 3. Nf3 b6 4. g3 Ba6 5. Qc2 Bb7 6. Bg2 c5 7. d5 exd5 8. cxd5
d6 9. Nc3 Be7 10. Nh4 O-O 11. Nf5 Re8 12. O-O Bf8 13. h3 Bc8 14. g4 Bxf5 15.
Qxf5 g6 16. Qf3 Nfd7 17. Qg3 Na6 18. Ne4 Rxe4 19. Bxe4 Qe7 20. Bd3 Nc7 21. a4
Nxd5 22. Qg2 Nc7 23. a5 b5 24. Bxb5 Rb8 25. Bxd7 Qxd7 26. Rd1 Qe6 27. Qf3 Rb3
28. Rd3 Rxd3 29. Qxd3 c4 30. Qf3 Bg7 31. Ra3 Nd5 32. Ra4 Nc7 33. Rb4 h6 34.
Rb8+ Kh7 35. Rb7 Nd5 36. Rxa7 c3 37. bxc3 Nxc3 38. Be3 1-0

[Event "15. Obert Int. Sant Marti 2013"]
[Site "Barcelona ESP"]
[Date "2013.07.13"]
[Round "1.26"]
[White "Tarrago Domingo, Miguel"]
[Black "Anurag, Mhamal"]
[Result "0-1"]
[WhiteElo "2034"]
[BlackElo "2418"]
[PlyCount "72"]
[EventDate "2013.07.13"]
[EventType "swiss"]
[EventRounds "9"]
[EventCountry "ESP"]
[SourceTitle "Ajedrez en Madrid"]
[Source "lmi"]
[SourceDate "2013.07.13"]
[SourceVersion "1"]
[SourceVersionDate "2019.06.21"]
[SourceQuality "1"]

1. Nf3 c5 2. c4 g6 3. Nc3 Bg7 4. g3 Nc6 5. Bg2 e5 6. d3 Nge7 7. e4 d6 8. O-O
O-O 9. Be3 f5 10. Bg5 f4 11. Nd5 h6 12. Bxe7 Nxe7 13. Nxe7+ Qxe7 14. h3 h5 15.
Nh2 Bh6 16. g4 f3 17. Bxf3 Bf4 18. Bg2 Qg5 19. Nf3 Qh6 20. g5 Bxg5 21. Nxg5
Qxg5 22. Qc1 Rf4 23. Qe3 Be6 24. Rae1 Kh7 25. Kh2 Raf8 26. Re2 Qd8 27. Rg1 Qf6
28. f3 g5 29. Rh1 g4 30. hxg4 hxg4 31. Kg1+ Kg7 32. fxg4 Rf1+ 33. Bxf1 Qxf1+
34. Kh2 Rh8+ 35. Kg3 Rxh1 36. Qg5+ Kh7 0-1